|
|
|
|
| LEADER |
00000cam a2200000 7i4500 |
| 001 |
0000000199 |
| 005 |
20200305.0 |
| 020 |
|
|
|a 067333430
|
| 040 |
|
|
|a INS
|
| 090 |
0 |
0 |
|a LB1631
|b E96 1975
|
| 245 |
1 |
0 |
|a Experience and communication
|
| 260 |
|
|
|a Glenview, Illnois :
|b Scott, Foresman ,
|c 1975
|
| 300 |
|
|
|a 584 p. :
|b ill ;
|c 23 cm.
|
| 440 |
|
0 |
|a (Guide to Modern English series)
|
| 650 |
|
0 |
|a English language
|x Composition and exercises
|
| 650 |
0 |
0 |
|a English language
|x Study and teaching (Secondary)
|
| 650 |
0 |
0 |
|a Language and Languages
|x Study and teaching
|
| 999 |
|
|
|a 0000002356
|b BOOK
|c Open Shelf
|e Default branch
|